000 00665nam a2200205 i 4500
001 187625
003 ES-MaACL
005 20231212171405.0
008 171211s2015 sp a |||| | spa d
020 _a978-84-944189-9-0
080 _a821.134.2-14"19"
100 1 _aGonzález, David.
_9163910
245 1 0 _aVersos entre cascabeles /
_cDavid González ; ilustraciones de Leto García Roy.
260 _a[Madrid] :
_bHuerga & Fierro,
_c2015.
300 _a113 p. :
_bil. col. ;
_c22 cm.
700 1 _aGarcía Roy, Leto.
_9163911
852 _aES-MaACL
_jA-14062
_9194711
_bR.151412
_cDEPO1
_dOlim: N-7062
942 _2udc
_cMONOGRAFIA
999 _c187625
_d187625